Logo BPK

Biblioteka

Politechniki Koszalińskiej

Jeszcze 105 zadań Hugona Steinhausa / (Rekord nr 51088)

Szczegóły MARC
000 -ETYKIETA REKORDU
podpole kontrolne o stałej długości 00562nam a2200217 i 4500
001 - NUMER KONTROLNY REKORDU
pole kontrolne bg
020 ## - MIĘDZYNARODOWY ZNORMALIZOWANY NUMER KSIĄŻKI - ISBN
ISBN 8385941614
040 ## - ŹRÓDŁO KATALOGOWANIA
Instytucja, która utworzyła rekord BPK
041 ## - KOD JĘZYKA
Kod języka tekstu pol
080 ## - UNIWERSALNA KLASYFIKACJA DZIESIĘTNA - UKD
UKD 51(07)
920 ## - Międzynarodowy znormalizowany numer książki – ISBN
ISBN 83-85941-61-4
008 - POLE O STAŁEJ DŁUGOŚCI - DANE KONTROLNE
podpole kontrolne o stałej długości s pl f |000 0 pol
100 1# - NAZWA OSOBOWA
Nazwa osobowa STEINHAUS, Hugo
Daty związane z nazwą (1887-1972)
245 10 - TYTUŁ/ODPOWIEDZIALNOŚĆ
Tytuł Jeszcze 105 zadań Hugona Steinhausa /
Pozostałe elementy strefy tytułu i oznaczenia odpowiedzialności oprac. Edward Piegat.
260 ## - STREFA ADRESU WYDAWNICZEGO
Miejsce wydania Wrocław :
Nazwa wydawcy/dystrybutora GiS,
Data publikacji, dystrybucji/powstania dokumentu 2000.
300 ## - STREFA OPISU FIZYCZNEGO
Objętość 198 s. :
Inne cechy fizyczne rys. ;
Rozmiary 21 cm.
650 #9 - HASŁO PRZEDMIOTOWE W FORMIE NAZWY OGÓLNEJ LUB JEDNOSTKOWEJ
Nazwa ogólna lub geograficzna Matematyka
655 ## - TERMIN INDEKSOWY - OKREŚLENIE RODZAJU/FORMY DOKUMENTU
Określenie rodzaju/formy dokumentu Podręczniki
700 1# - HASŁO DODATKOWE - NAZWA OSOBOWA
Nazwa osobowa PIEGAT, Edward.
Określenie związku między hasłem a opisywanym materiałem Oprac.
856 ## - LOKALIZACJA I DOSTĘP DO ELEKTRONICZNYCH DOKUMENTÓW ZDALNYCH
Link (URL) http://koha.tu.koszalin.pl/cgi-bin/koha/opac-detail.pl?biblionumber=51088
Tekst linku Katalog online BPK
942 ## - DODATKOWE ELEMENTY (KOHA)
Typ dokumentu Książka
Egzemplarze
Wycofany Status egzemplarza Uszkodzony Dostępność Lokalizacja stała Lokalizacja bieżąca Miejsce przechowywania Sygnatura Kod kreskowy Dział Typ dokumentu
      Tylko na miejscu Biblioteka Politechniki Koszalińskiej Biblioteka Politechniki Koszalińskiej Czytelnia BG 77404 02294018 51 Matematyka Książka
© 2023 Biblioteka Politechniki Koszalińskiej :: KOHA